Titan Masini Grele Presentation [
| Format: | Book |
|---|---|
| Published: |
Burcharest:
[Titan Masini Grele],
[199-].
|
| Subjects: |
| LEADER | 00410cam a2200121 7i4500 | ||
|---|---|---|---|
| 001 | 0000009584 | ||
| 005 | 20010525090000.0 | ||
| 090 | 0 | 0 | |a CD-ROM 160 |b TIT |
| 245 | 0 | 0 | |a Titan Masini Grele Presentation [ |m electronic resources]. |
| 260 | 0 | 0 | |a Burcharest: |b [Titan Masini Grele], |c [199-]. |
| 300 | # | # | |a Electronic computer optical disc (CD-ROM). |
| 651 | 0 | 0 | |a Romania |
| 999 | |a 0000011850 |b CD-ROM |c AV Collection |e Business Information Centre | ||